000 00295nam a22001217a 4500
008 170622b xxu||||| |||| 00| 0 eng d
041 _aeng
080 _a32
100 _a20
101 _aSHP
245 _aTHE COLD WAR YEARS: AMERICAN FOREIGN POLICY SINCE 1945
_cHAMMOND, P.Y
942 _2udc
_cBK
999 _c18595
_d18595